00414pab a2200145 454500008004000000100001900040245008000059260000900139300001400148362001100162650002700173650001800200650001600218773003400234180718b2006 xxu||||| |||| 00| 0 eng d aHashmi, Mobina aOutsourcing the American dream? Representing the stakes of IT globalisation c2006 ap.242-49. a21 Jan aInformation technology aGlobalization aOutsourcing aEconomic and Political Weekly